Servo motor and motion control using digital signal processors /

Saved in:
Bibliographic Details
Main Author: Dote, Yasuhiko (Author)
Format: Book
Language:English
Published: Englewood Cliffs : Prentice Hall, 1990
Edition:1.vyd.
Subjects:
Tags: Add Tag
No Tags, Be the first to tag this record!

MARC

LEADER 00000nam a22000003a 4500
001 stu8003
005 20150617225805.7
008 950717s1990----xxu-----------------eng-d
020 |a 0-13-807025-3 
040 |a STU  |b slo 
041 0 |a eng 
044 |a xxu 
080 |a 621.313.07-52  |7 stu_us_auth*stu6553 
080 |a 681.323  |7 stu_us_auth*stu8264 
080 |a 681.532 
080 |a 681.58 
084 |a B8340  |2 INS 
084 |a B8380  |2 INS 
084 |a C3260  |2 INS 
084 |a C3340  |2 INS 
084 |a C3120C  |2 INS 
084 |a C7420  |2 INS 
100 1 |a Dote, Yasuhiko  |4 aut 
245 1 |a Servo motor and motion control using digital signal processors /  |c [aut.] Dote,Yasuhiko 
250 |a 1.vyd. 
260 |a Englewood Cliffs :  |b Prentice Hall,  |c 1990 
300 |a 282 s 
650 7 |a číslicové riadiace systémy  |2 stusub 
650 7 |a regulácia polohy  |2 stusub 
650 7 |a regulácia pohybu  |2 stusub 
650 7 |a servomotory  |2 stusub 
650 7 |a robustné riadenie  |2 stusub 
650 7 |a TMS 320  |2 stusub 
650 7 |a automatické riadenie  |2 stusub 
996 |b E79977  |c E*79977  |l EE09  |s P  |a 0  |w stu8003_0001